Catálogo

Vista normal Vista MARC

Entrada Personal Name

Número de registros utilizados en: 1

001 - CONTROL NUMBER

  • control field: 14064

003 - CONTROL NUMBER IDENTIFIER

  • control field: DLC

005 - DATE AND TIME OF LATEST TRANSACTION

  • control field: 20230414160128.0

008 - FIXED-LENGTH DATA ELEMENTS

  • fixed length control field: 050204n| azannaabn |a aaa

010 ## - LIBRARY OF CONGRESS CONTROL NUMBER

  • LC control number: n 2004146249

035 ## - SYSTEM CONTROL NUMBER

  • System control number: (OCoLC)oca06553869

040 ## - CATALOGING SOURCE

  • Original cataloging agency: DLC
  • Language of cataloging: spa
  • Description conventions: rda
  • Transcribing agency: Mx-PuUPA
  • Modifying agency: UM
  • Modifying agency: DLC
  • Modifying agency: Mx-PuUPA

046 ## - SPECIAL CODED DATES

  • Birth date: 1956

100 1# - HEADING--PERSONAL NAME

  • Personal name: Ligorría Carballido, Julio,
  • Dates associated with a name: 1956-

374 ## - OCCUPATION

  • Occupation: Autor

375 ## - GENDER

  • Gender: hombre

377 ## - ASSOCIATED LANGUAGE

  • Language code: spa

400 1# - SEE FROM TRACING--PERSONAL NAME

  • Personal name: Ligorría, Julio,
  • Dates associated with a name: 1956-

400 1# - SEE FROM TRACING--PERSONAL NAME

  • Personal name: Carballido, Julio Ligorría,
  • Dates associated with a name: 1956-

670 ## - SOURCE DATA FOUND

  • Source citation: Ligorría Carballido, Julio. Estrategia política, c2001:
  • Information found: t.p. (Julio Ligorría Carballido) flap (b. Guatemala, 1956; founder of Interimage Latinoamericana S.A.; has taught in various universities in Latin America and USA)